Quick Pick: Black in the Flag Quiz Stats

 Plays Quiz Updated Oct 27, 2017

Challenge
Share
Tweet
Embed
Score 0/16 Timer 01:30
1 Play Today
% Correct
Germany
90.5%
Jamaica
86.7%
Afghanistan
84.2%
Iraq
79.3%
Kuwait
78.2%
Uganda
77.4%
Botswana
76.9%
Sudan
76.4%
% Correct
Palestine
75.7%
Barbados
73.8%
Yemen
73.5%
Estonia
71.8%
Bahamas
71.3%
Timor-Leste
66.7%
Brunei
65.9%
South Korea
64.4%

Today's Daily Dose

Missing Word
'F' Pairs

Word Ladder
Mixed Synonyms

On This Day
August 15th II

You're not logged in!

Compare scores with friends on all Sporcle quizzes.
Join for Free
OR
Log In

You Might Also Like...

Show Comments

Extras

Top Quizzes Today


Score Distribution

Your Account Isn't Verified!

In order to create a playlist on Sporcle, you need to verify the email address you used during registration. Go to your Sporcle Settings to finish the process.

Report this User

Report this user for behavior that violates our Community Guidelines.

Details: